Nová směrnice pro účetnictví v Evropské unii

Dôvody pre vydanie novej smernice. Nedostatky zodpovednosti členov predstavenstiev voči spoločnosti. Finančné nezákonné praktiky v obchodnej spoločnosti. Prehlásenie o správe a riadení spoločnosti ako povinná súčasť výročnej správy. Smernica Európskeho parlamentu a Rady 2006/46/ES zo dňa 14. júna 20...

Descrizione completa

Salvato in:
Dettagli Bibliografici
Natura: Capitolo di libro
Lingua:ceco
Soggetti:
Tags: Aggiungi Tag
Nessun Tag, puoi essere il primo ad aggiungerne!!

MARC

LEADER 00000naa$a2200000$$$4500
001 0054388
005 20230925090539.8
041 0 |a cze 
044 |a CZ 
245 1 0 |a Nová směrnice pro účetnictví v Evropské unii 
520 |a Dôvody pre vydanie novej smernice. Nedostatky zodpovednosti členov predstavenstiev voči spoločnosti. Finančné nezákonné praktiky v obchodnej spoločnosti. Prehlásenie o správe a riadení spoločnosti ako povinná súčasť výročnej správy. Smernica Európskeho parlamentu a Rady 2006/46/ES zo dňa 14. júna 2006. 
610 2 0 |a účtovníctvo 
610 2 0 |a smernice 
610 2 0 |a spoločnosti obchodné 
610 2 0 |a predstavenstvo 
610 2 0 |a Európska únia